000 01051 a2200337 4500
001 200002227
710 2 _aİstanbul Sanayi Odası
_923094
999 _c200002227
_d25760
003 TR-AnTOB
005 20230516133036.0
008 160507d20039999tu mn0p 0 0
022 0 _a1303-1333
040 _aTR-AnTOB
041 0 _atur
050 1 4 _aHC491
099 _aJOURNAL - SANA
222 0 _aSanayi
245 0 0 _aİstanbul Sanayi Odası Dergisi
246 0 3 _aİstanbul Sanayi Odası dergisi
260 _aİstanbul :
_bİstanbul Sanayi Odası,
_c2003-
300 _av. :
_bill. ;
_c28 cm.
310 _aAylık.
362 0 _a2003-
500 _aKütüphanemizdeki mevcutlar:287-465,1990-2004. 200? -
650 0 0 _aEndüstriler
_zTürkiye
_vSüreli yayınlar
_919795
650 0 0 _aIndustries
_zTurkey
_vPeriodicals
_919797
651 0 _aTurkey
_xEconomic policy
_y1960-
_vPeriodicals
_971210
651 0 _aTürkiye
_xEkonomi politikası
_vSüreli Yayınlar
_993359
856 4 0 _ahttp://www.iso.org.tr/tr/web/statiksayfalar/sanayidergisi.aspx
910 _aBS
942 _cCR